000 00468nam a2200169Ia 4500
008 230917s9999||||xx |||||||||||||| ||und||
020 _cRS 625.00
040 _e5007949
_aMAIN
041 _aEnglish
082 _a641.874 N312I
100 _aNegi, Mahendra Singh
245 0 _aIntroduction to bar and beverages
260 _aNew Delhi
_bI K International
_c2019
300 _axvii, 398 p.
500 _a3926 01/01/2020 HBD20/8150 11/01/2020 Main Budget
942 _cBK
999 _c1153
_d1153